header

The Cyprus issue (Record no. 221132)

MARC details
000 -LEADER
fixed length control field 01232nam a2200313 a 4500
245 04 - TITLE STATEMENT
Title The Cyprus issue
260 ## - PUBLICATION, DISTRIBUTION, ETC. (IMPRINT)
Place of publication London :
Name of publisher I.B. Tauris,
Year of publication 2007.
300 ## - PHYSICAL DESCRIPTION
Number of Pages xii, 664 p.
500 ## - GENERAL NOTE
General note Includes index.
505 0# - FORMATTED CONTENTS NOTE
Formatted contents note pt. 1. Constitutional issues -- pt. 2. Cyprus-Europe relations (1983-2006).
700 1# - ADDED ENTRY--PERSONAL NAME
Personal name Hakki, Murat Metin.
856 40 - ELECTRONIC LOCATION AND ACCESS
Uniform Resource Identifier http://site.ebrary.com/lib/rucke/Doc?id=10504527

No items available.

© 2026 Rongo University
Contact us: librarian | system librarian | Rongo university